000 00370nam a22001457a 4500
008 250514b ||||| |||| 00| 0 eng d
020 _a9780073530505
041 _aeng
080 _2NINTH EDITION
_a338IVA
082 _2338IVA
_a338IVA
100 _a24
101 _aMENAGMENT
245 _aORGANIZATIONAL BEHAVIOR AND MANAGEMENT
_cJOHN M.IVANCEVICH
942 _2udc
_cBK
999 _c60713
_d60713